Journalism language and expression

Bibliographic Details
Main Author: David, J
Format: Book
Published: New Delhi : Cyber Tech Pub. , 2011
Subjects:

MARC

LEADER 00000cam a2200000 7i4500
001 0000043842
005 20141208.0
008 141208
020 |a 8178847962 
090 0 0 |a 070.4   |b DAV 
100 1 |a David, J 
245 1 0 |a Journalism language and expression   |c J. David 
260 |a New Delhi :   |b Cyber Tech Pub. ,   |c 2011 
650 0 |a Journalism 
999 |a 0001324285   |b Book   |c REFERENCE   |e Perbadanan Perpustakaan Awam Johor